| 000 | 00875nam a2200253 i 4500 | ||
|---|---|---|---|
| 003 | DO-SdBNP | ||
| 005 | 20250403134215.0 | ||
| 007 | ta | ||
| 008 | 250403s2004 dr 000 0 spa d | ||
| 040 |
_aDO-SdBNP _bspa _cBNPHU _erda |
||
| 082 |
_axxx _bG939 _222 |
||
| 100 | 1 |
_aGüezmes, Ana _eautora _4aut. _987327 |
|
| 245 | 1 | 3 |
_aLa violencia contra la mujer : _bun problema de Salud Pública y una violación a los derechos humanos / _cAna Güezmes, María Cecilia Claramunt |
| 264 | 1 |
_aSanto Domingo : _bPROFAMILIA, _c2004. |
|
| 300 |
_a41 páginas, _c21 cm. |
||
| 336 |
_atexto _btxt _2rdacontent |
||
| 337 |
_asin mediación _bn _2rdamedia |
||
| 338 |
_avolumen _bnc _2rdacarrier |
||
| 504 | _aBibliografía p: 40-41. | ||
| 590 | _aInventariado, 2025/ YL | ||
| 710 | 2 |
_aAsociación Dominicana Pro Bienestar de la Familia _956602 |
|
| 910 | _aYLockward | ||
| 942 |
_2ddc _cLF2 |
||
| 999 |
_c58598 _d58598 |
||